More Geography by Letter - B - Statistics

General Stats
  • This quiz has been taken 239 times
  • The average score is 14 of 24
Answer Stats
Clue Answer % Correct
Largest country in South America Brazil
100%
Mainly split into Wallonia and Flanders Belgium
83%
Birds Nest, Tiananmen Square, Forbidden City Beijing
80%
Country on Borneo Brunei
79%
Incorrect nickname for Elizabeth Tower, London Big Ben
78%
70% of its land is the Kalahari Desert Botswana
78%
Snow storm Blizzard
73%
Canada's largest island Baffin Island
72%
Someone from this city is called a Brummie Birmingham
71%
Created by the unification of two opposite cities on the Danube Budapest
70%
World's deepest lake Lake Baikal
70%
African country once called Upper Volta Burkina Faso
68%
Small stream Brook
65%
Sand or shingle shore Beach
62%
Its capital is Manama Bahrain
60%
Capital of Mali Bamako
56%
Faneuil Hall, Fenway Park, Charles River Boston
53%
Second most common language in India Bengali
49%
Famous tree mainly from Madagascar Baobab tree
36%
Major New York thoroughfare Broadway
36%
Famous tourist destination in French Polynesia Bora Bora
34%
Hotel in Las Vegas inspired by Lake Como Bellagio Hotel
31%
3rd largest city in Indonesia Bandung
19%
Ecosystem known for coniferous forests in Russia and Canada Boreal
19%
No matching quizzes found
Score Distribution
Percent of People with Each Score
Percentile by Number Answered
Your Score History
You have not taken this quiz